Ứng dụng ảnh viễn thám MODIS theo dõi khô hạn ảnh hưởng đến nông nghiệp ở đòng bằng sông Cửu Long : Luận văn thạc sĩ chuyên ngành Quản lý đất đai

Đề tài thực hiện nhằm mục tiêu đánh giá khả năng sử dụng ảnh viễn thám MODIS trong việc dư báo khô hạn khu vực Đồng bằng Sông Cửu Long, đánh giá tình hình khô hạn ở Đồng bằng Sông Cửu Long

Shranjeno v:
Bibliografske podrobnosti
Glavni avtor: Nguyễn, Hồng Quyên
Format: Knjiga
Jezik:Undetermined
Izdano: Cần Thơ Trường Đại học Cần Thơ 2012
Teme:
Oznake: Označite
Brez oznak, prvi označite!
Thư viện lưu trữ: Trung tâm Học liệu Trường Đại học Cần Thơ
LEADER 01241nam a2200229Ia 4500
001 CTU_177669
008 210402s9999 xx 000 0 und d
082 |a 333.760285 
082 |b Qu603 
088 |a 606216 
100 |a Nguyễn, Hồng Quyên 
245 0 |a Ứng dụng ảnh viễn thám MODIS theo dõi khô hạn ảnh hưởng đến nông nghiệp ở đòng bằng sông Cửu Long : 
245 0 |b Luận văn thạc sĩ chuyên ngành Quản lý đất đai 
245 0 |c Nguyễn Hồng Quyên ; Võ Quang Minh, Huỳnh Thị Thu Hương (Hướng dẫn khoa học) 
260 |a Cần Thơ 
260 |b Trường Đại học Cần Thơ 
260 |c 2012 
520 |a Đề tài thực hiện nhằm mục tiêu đánh giá khả năng sử dụng ảnh viễn thám MODIS trong việc dư báo khô hạn khu vực Đồng bằng Sông Cửu Long, đánh giá tình hình khô hạn ở Đồng bằng Sông Cửu Long 
650 |a Land use,Sử dụng đất 
650 |x Data processing,Xử lý dữ liệu 
904 |i Phú,Hải 
980 |a Trung tâm Học liệu Trường Đại học Cần Thơ